000 00789nam a2200265Ia 4500
003 OSt
005 20220925230132.0
006 a|||||r|||| 00| 0
007 ta
008 220923b |||||||| |||| 00| 0 eng d
020 _c
_17.95
037 _b9681, 07/08/2001, SBD
_cGeneral Book
040 _aRTL
_cRTL
_beng
041 _2eng
_aeng
082 _aY9(L:5), N9
100 _aFarmer Paul
_9237366
245 0 _aInfections and inequalities
_b The modern plagues
260 _aLondon
_bUniversity of California Press
_c1999
300 _ax.iv, 373p
_ccm.
500 _aBibliography: P 319-67
650 _a Medical Sociology
650 _aHealth
_9193789
942 _hY9(L:5), N9
_cGB
_2CC
999 _c584769
_d584769